Most Popular Pets Quiz Stats

 Plays Quiz Updated Dec 9, 2014

Score 0/14 Timer 02:00
1 Play Today
Owning Households Pet % Correct
43,021,000Dog
99.9%
37,460,000Cat
99.9%
9,036,000Fish
91.3%
4,453,000Bird
87.6%
390,000Snake
86.6%
826,000Hamster
83.1%
728,000Livestock
73.3%
Owning Households Pet % Correct
719,000Lizard
71.3%
1,870,000Rabbit
63.8%
2,087,000Horse
62.1%
628,000Guinea Pig
58.9%
1,106,000Turtle
53.9%
187,000Gerbil
48.8%
505,000Ferret
47.7%

You're not logged in!

Compare scores with friends on all Sporcle quizzes.
OR
Log In

Sporcle TV

Today on Sporcle TV


Watch our educational content, quiz creation guides, and fun videos on Sporcle TV.

Show Comments

Extras

Top Quizzes Today


Score Distribution

Your Account Isn't Verified!

In order to create a playlist on Sporcle, you need to verify the email address you used during registration. Go to your Sporcle Settings to finish the process.

Report this User

Report this user for behavior that violates our Community Guidelines.

Details: